ბათუმის შოთა რუსთაველის სახელმწიფო უნივერსიტეტის ბიბლიოთეკა

მცენარეთა ბიოტექნოლოგია : (ბიბ.ჩანაწერი № 35365)

000 -ლიდერი
ფიქსირებული სიგრძის საკონტროლო ველი 01211nam a2200253Ia 4500
001 - საკონტროლო ნომერი
საკონტროლო ველი 1218
003 - საკონტროლო ნომრის იდენტიფიკატორი
საკონტროლო ველი GE_BSU
005 - ბოლო ოპერაციის თარიღი და დრო
საკონტროლო ველი 20190617191240.0
008 - ფიქსირებული სიგრძის მონაცემთა ელემენტები - ზოგადი ინფორმაცია
ფიქსირებული სიგრძის საკონტროლო ველი 181216s2009||||ge |||||||||||||| ||geo||
020 ## - წიგნის საერთაშორისო სტანდარტული ნომერი
International Standard Book Number 9789992853627
040 ## - კატალოგიზაციის წყარო
Transcribing agency GE_BSU
041 ## - ენის კოდი
Language code of text/sound track or separate title geo
080 ## - უნივერსალური ათობითი კლასიფიკაციის ინდექსი
Universal Decimal Classification number 573.6(075.8) ქ–60
100 ## - მთავარი ჩანაწერი - პიროვნების სახელი
Personal name ქობალია, ვახტანგ
9 (RLIN) 2530
245 ## - ცნობა სათაურის შესახებ
Title მცენარეთა ბიოტექნოლოგია :
Remainder of title სახელმძღვ. სას.-სამ. და სატყეო საქმის სპეც. სტუდენტებისათვის /
Statement of responsibility, etc ვახტანგ ქობალია ; რედ. ა. მიქელაძე.
264 ## - წარმოების, გამოცემის, დისტრიბუციის და სხვა ცნობები
გამოცემის, წარმოების, დისტრიბუციის... ადგილი ქუთაისი :
გამოცემის, წარმოების, დისტრიბუციის... სახელწოდება მოწამეთა,
გამოცემის, წარმოების, დისტრიბუციის... თარიღი 2008.
300 ## - ფიზიკური აღწერა
Extent 532 გვ.
Other physical details ცხრ., ილ. ;
Dimensions 20 სმ.
504 ## - BIBLIOGRAPHY, ETC. NOTE
Bibliography, etc ბიბლიოგრ.: გვ. 523-524.
653 ## - INDEX TERM--UNCONTROLLED
Uncontrolled term ბიოტექნოლოგია
653 ## - INDEX TERM--UNCONTROLLED
Uncontrolled term უჯრედული ბიოტექნოლოგია
653 ## - INDEX TERM--UNCONTROLLED
Uncontrolled term გენეტიკური ინჟინერია
700 ## - ADDED ENTRY--PERSONAL NAME
Personal name მიქელაძე, ა.
Relator term რედაქტორი
9 (RLIN) 2531
942 ## - ADDED ENTRY ELEMENTS (KOHA)
Koha item type წიგნი
Source of classification or shelving scheme
ეგზემპლარები
ჩამოწერის სტატუსი დაკარგული ეგზემპლარის სტატუსი კლასიფიკაციის წყარო ან თაროზე გაწყობის სქემა დაზიანების სტატუსი არ გაიცემა მუდმივი მდებარეობა (დაცვის ადგილი) ამჟამინდელი ადგილსამყოფელი თაროზე განთავსების ადგილი შეძენის თარიღი ღირებულება, შესყიდვის ნორმალური ფასი სრული შენახვის შიფრი შტრიხკოდი ბოლო ოპერაციის თარიღი ეგზემპლარის მიმდევრობითი ნომერი (კეტერი?) ფასის ძალაში შესვლის თარიღი ეგზემპლარის სახეობა საჯარო შენიშვნა
          აგრარული და მემბრანული ტექნოლოგიების ინსტიტუტის ბიბლიოთეკა აგრარული და მემბრანული ტექნოლოგიების ინსტიტუტის ბიბლიოთეკა წიგნსაცავი 2018-12-17 18.00 573.6(075.8) ქ–60 2721 2018-12-17 2721 2018-12-17 წიგნი 18 ლ.
          ბათუმის შოთა რუსთაველის სახელმწიფო უნივერსიტეტის მთავარი ბიბლიოთეკა ბათუმის შოთა რუსთაველის სახელმწიფო უნივერსიტეტის მთავარი ბიბლიოთეკა წიგნსაცავი 2018-12-17   573.6(075.8) ქ–60 4943 2018-12-17 4943 2018-12-17 წიგნი